00517nam a22001817a 450000500170000001000140001702000260003103500170005703500130007403700170008708200080010410000230011224500720013526000330020727000680024030000210030871000060032920170518141540.0 a1617CH-EN a9780143332473c299.00 aB-642950-973 aB-669764 aDPLbBSB/ven a230 aPattanaik, Devdutt aPashu : cby Devdutt Pattanaikbanimal tales from hindu mythology / aGurgaonbPuffin Books c2014 a7th Floor, Infinity Tower C, DLF Cyber City, bGurgaon e122002 a165p.c20cm(pbk) a